| 000 | nam a22 a 4500 | ||
|---|---|---|---|
| 999 |
_c827 _d827 |
||
| 003 | AKMAL | ||
| 005 | 20170505141946.0 | ||
| 008 | 170505s1994 my i 00 may d | ||
| 020 |
_a9679963829 (kkt.): _cRM 27.50 |
||
| 040 | _aAKMAL | ||
| 082 | 0 | 4 | _a297.122 AFZ |
| 090 |
_a297.122 _bAFZ |
||
| 100 | 1 |
_aRahman, Afzalur _91799 |
|
| 245 | 1 | 0 |
_aIndeks Al Qur'an / _cAfzalur Rahman ; penterjemah Yusof bin Ismail |
| 260 |
_aKuala Lumpur : _bA.S Noordeen, _c1994 |
||
| 300 |
_aliii, 379ms. : _b; _c23cm |
||
| 504 | _aBibliografi: ms. 377 - 378 | ||
| 650 |
_aKoran _vIndexes _91800 |
||
| 700 | 0 |
_aYusof Ismail _91801 |
|
| 942 |
_2ddc _cBOOK |
||